000 00665njm a2200253 c 4500
003 BLK
005 20180421002405.0
008 180410b bul||n||s|||||||| n|bulo|
010 _aCDD00001461000
040 _aBLK
041 _aBUL
_cDRU
100 1 _aVivaldi, Antonio
_eпърви автор
_927390
139 _aVivaldi, Antonio
_b
245 1 0 _aConcerti per violino [CD-ROM]
_cAntonio Vivaldi.
257 _aBGR
260 Milano
_c2005
380 _a7
590 _aS.N: 54632 от КНИГИ
852 _aЦб CD 790
_p0
856 4 _qpdf
_u
856 4 _qpdf
_u
942 _cCDD
_n0
944 _aCR
_c08.07.2005
_kВаля_Йорданова
944 _aED
_c08.07.2005
_k
999 _c219179
_d219179